| Tag |
First Indicator |
Second Indicator |
Subfields |
| LEADER |
00000cam a22000001 4500 |
| 001 |
in00000058372 |
| 005 |
20151007082228.0 |
| 008 |
730522s1962 nju b 00000 eng |
| 010 |
|
|
|a 62007406
|
| 035 |
|
|
|a (OCoLC)00232674
|
| 035 |
|
|
|9 AAF7567AM
|
| 040 |
|
|
|a DLC
|c DLC
|d TXA
|d UtOrBLW
|
| 049 |
|
|
|a TXAM
|c [351062]
|
| 050 |
0 |
0 |
|a U21.5
|b .J6
|
| 082 |
0 |
|
|a 321
|
| 092 |
|
|
|a 321.08
|b J67r
|
| 100 |
1 |
|
|a Johnson, John J.,
|d 1912-2004.
|
| 245 |
1 |
4 |
|a The role of the military in underdeveloped countries.
|
| 264 |
|
1 |
|a Princeton, N.J. :
|b Princeton University Press,
|c 1962.
|
| 300 |
|
|
|a viii, 427 pages ;
|c 23 cm.
|
| 336 |
|
|
|a text
|b txt
|2 rdacontent
|
| 337 |
|
|
|a unmediated
|b n
|2 rdamedia
|
| 338 |
|
|
|a volume
|b nc
|2 rdacarrier
|
| 500 |
|
|
|a Papers of a conference sponsored by the Rand Corporation at Santa Monica, Calif., in August 1959.
|
| 504 |
|
|
|a Bibliographical footnotes.
|
| 650 |
|
0 |
|a Sociology, Military
|v Congresses.
|
| 651 |
|
0 |
|a Developing countries
|v Congresses.
|
| 710 |
2 |
|
|a Rand Corporation.
|
| 999 |
|
|
|a MARS
|
| 999 |
f |
f |
|s 97b2c5f1-799e-3af3-a5a0-32373fefa29a
|i 10aaeb62-6d24-3a17-a8ab-799fdbc7f7fc
|t 0
|
| 952 |
f |
f |
|p ric
|a Texas A&M University
|b Rellis Campus
|c Joint Library Facility
|d Remote Storage
|t 0
|e U21.5 .J6
|h Library of Congress classification
|i unmediated -- volume
|m A14800662223
|
| 998 |
f |
f |
|a U21.5 .J6
|t 0
|l Remote Storage
|